Dialogues - La folie des grandeurs - Statistiques

Statistiques générales
  • Ce quiz a été pris 64 fois
  • Le résultat moyen est 9 sur 13
Statistiques - réponses
Hint Réponse % Correct
"C'est normal ! Les pauvres c'est fait pour être très pauvres et les riches très _____." Riches
98%
"C'est l'_____… il est l'_____… l'_____ de se réveiller… Monseignor… il est huit _____… gouzi gouzi gouzi…" Or
94%
"Ne vous excusez pas, ce sont les _____ qui s'excusent." Pauvres
93%
"Un pour tous, chacun pour _____." Soi
87%
“_____ ! C'est une _____ ! Elle ment en allemand ! Cet enfant est un faux témoin ! Warum mich? Ich habe nicht! Elle et moi, nada ; nada ! Jamais rien ! Majesté ! Das ist eine kolossale Konspiration!" Menteuse
85%
"Mocheté ! Et en plus elle est mal _____." Élevée
81%
"Il suffit que le Roi ait un accident de chasse, là, paf ! là ! Le gros cousin Léopold, paf ! paf ! Le petit Duc d'Anjou, paf ! tout le monde, plein d'accidents de chasse, pa, pa-pa-pa, pa-pa-pa-pa-pa ! Et me voilà… _____ !" Roi
80%
"Mais qu'est-ce que je vais devenir ? Je suis _____, je ne sais rien faire !" Ministre
74%
"Eh ben, en tout cas, on va pas moisir ici, j'ai un petit plan pour tous nous évader : Nous rentrons à Madrid, nous conspirons. Le roi répudie la reine, la vieille épouse le perroquet, César devient roi, je l'épouse et me voilà _____ !!!" Reine
69%
"La reine a _____ _____ ? Mais ça vaut beaucoup d'argent ça !" Un coquin
54%
"Sa Majesté a bien reçu ma lettre _____ ?" Anonyme
52%
"Quand on est riche, on est _____ !" Désagréable
50%
"Le _____ d'un petit vaut bien le _____ d'un grand !" Cul
20%
Aucun quiz correspondant
Distribution des résultats
% des personnes avec chaque résultat
Percentile par nombre de réponses
Votre historique - résultats
Vous n’avez pas pris ce quiz